000
00200 a2200097 4500
020
_a
9789681642679
041
_a
spa
100
_a
Braz, Julio Emilio
245
_a
en la Oscuridad
942
_c
Libros/Book
999
_c
28576
_d
28576